দীপু নাম্বার টু /

Bibliografiset tiedot
Päätekijä: ইকবাল, মুহম্মদ জাফর
Aineistotyyppi: Kirja
Kieli:Bengali
Julkaistu: ঢাকা : সময় প্রকাশন, ১৯৮৪ [১৮ শ মুদ্রণ ২০১৯]
Aiheet:
Classic Catalogue: View this record in Classic Catalogue
LEADER 01153nam a22002777a 4500
001 34851
003 BD-DhAAL
005 20250806132726.0
008 190723r20191984bg ||||| |||| 00| 1 ben d
020 |a 9844584736 
020 |a 9789844584730 
040 |a BD-DhAAL  |d BD-DhAAL 
041 |a ben 
082 |2 23  |a 891.44371 
100 |a ইকবাল, মুহম্মদ জাফর.  |9 33043 
245 |a দীপু নাম্বার টু /  |c মুহম্মদ জাফর ইকবাল. 
246 |a Dipu number two 
260 |a ঢাকা :  |b সময় প্রকাশন,  |c ১৯৮৪ [১৮ শ মুদ্রণ ২০১৯] 
300 |a ৮৬ পৃষ্ঠা ;  |c ২২ সে.মি. 
526 |a Residential Campus 
541 |a Development Book Agency  |e 34851 
650 |a Bengali fiction  |z Bangladesh.  |9 33044 
852 |a Savar Campus Library  |c General Stacks 
942 |2 ddc  |c BK 
999 |c 40933  |d 40933 
952 |0 0  |1 0  |2 ddc  |4 0  |6 891_443710000000000_IQB  |7 0  |9 65698  |a SCL  |b SCL  |c GEN  |d 2019-07-17  |e Development Book Agency  |g 132.00  |l 7  |m 18  |o 891.44371 IQB  |p 3020034851  |r 2025-11-17  |s 2025-08-19  |t 1  |v 132.00  |w 2019-07-17  |y BK